| 000 | 00000nam##2200000za#4500 |
| 001 | 9.695727 |
| 003 | CaOODSP |
| 005 | 20210624234716 |
| 007 | cr ||||||||||| |
| 008 | 150407|2009||||xxc|||||o f|0| 0 eng|d |
| 040 | |aCaOODSP|beng |
| 043 | |an-cn--- |
| 086 | 1 |aHR4-16/2009E-PDF |
| 110 | 2 |aCanadian Human Rights Commission. |
| 245 | 14|aThe effectiveness of profiling from a national security perspective / |h[electronic resource]|cJimmy Bourque ... [et al.] |
| 260 | |aOttawa - Ontario : |bCanadian Human Rights Commission |cMarch 2009. |
| 300 | |a105p.|breferences |
| 590 | |a12-14-Supp|b2012-04-10 |
| 690 | 07|aNational security|2gcpds |
| 720 | 1 |aBourque, Jimmy |
| 775 | 08|tEfficacité du profilage dans le contexte de la sécurité nationale / |w(CaOODSP)9.639852 |
| 856 | 40|ahttp://publications.gc.ca|qPDF|s444 KB|uhttps://publications.gc.ca/collections/collection_2012/ccdp-chrc/HR4-16-2009-eng.pdf |